State Bank of India Probationary Officers (SBI PO) : Solved Papers and Mock Tests (Record no. 95672)
[ view plain ]
| 000 -LEADER | |
|---|---|
| fixed length control field | 00646nam a2200229Ia 4500 |
| 005 - DATE AND TIME OF LATEST TRANSACTION | |
| control field | 20230426031604.0 |
| 008 - FIXED-LENGTH DATA ELEMENTS--GENERAL INFORMATION | |
| fixed length control field | 230125s9999 xx 000 0 und d |
| 020 ## - INTERNATIONAL STANDARD BOOK NUMBER | |
| International Standard Book Number | 978-81-265-7556-5 |
| 041 ## - LANGUAGE CODE | |
| Language code of text/sound track or separate title | eng |
| 082 ## - DEWEY DECIMAL CLASSIFICATION NUMBER | |
| Classification number | 153.94 |
| Item number | WIL |
| 100 ## - MAIN ENTRY--PERSONAL NAME | |
| Author | Wiley Publications Pvt. Ltd. |
| 245 ## - TITLE STATEMENT | |
| Title | State Bank of India Probationary Officers (SBI PO) : Solved Papers and Mock Tests |
| 260 ## - PUBLICATION, DISTRIBUTION, ETC. | |
| Date of publication, distribution, etc. | 2018 |
| Name of publisher, distributor, etc. | Wiley India (p) Ltd |
| Place of publication, distribution, etc. | Noida,Up |
| 300 ## - PHYSICAL DESCRIPTION | |
| Extent | 439p |
| Dimensions | Paper Back |
| 440 ## - SERIES STATEMENT/ADDED ENTRY--TITLE | |
| Volume/sequential designation | 1 |
| 500 ## - GENERAL NOTE | |
| Keywords | Aptitude Tests<br/> |
| 650 ## - SUBJECT ADDED ENTRY--TOPICAL TERM | |
| Topical term or geographic name entry element | Aptitude Tests |
| 700 ## - ADDED ENTRY--PERSONAL NAME | |
| Personal name | Wiley Publications Pvt. Ltd. |
| 942 ## - ADDED ENTRY ELEMENTS (KOHA) | |
| Koha item type | Books |
| 906 ## - LOCAL DATA ELEMENT F, LDF (RLIN) | |
| b | 27 |
| Withdrawn status | Lost status | Damaged status | Not for loan | Home library | Current library | Date acquired | Vendor | Net Price | Bill number | Total Checkouts | Full call number | Barcode | Date last seen | Actual Price | Bill Date | Koha item type | Original Barcode |
|---|---|---|---|---|---|---|---|---|---|---|---|---|---|---|---|---|---|
| Smt. Hiraben Nanavati Institute of Management & Research for Women | Smt. Hiraben Nanavati Institute of Management & Research for Women | 13/02/2019 | Pritam Book Centre | 399.00 | 10759 | 153.94 WIL B18323 | HIMR-BK-18323 | 25/01/2023 | 372.00 | 12/02/2019 | Books | B18323 |